Logo CIB grande

ORGANIZACION NO GUBERNAMENTALES QUE OPERAN EN EL CAMPO DE LA SALUD EN EL ECUADOR (Registro nro. 219052)

Detalles MARC
000 -LEADER
campo de control de longitud fija 00699nam a2200241Ia 4500
005 - FECHA Y HORA DE LA ÚLTIMA TRANSACCIÓN
campo de control 20250425161928.0
008 - DATOS DE LONGITUD FIJA--INFORMACIÓN GENERAL
campo de control de longitud fija 250425s9999 xx 000 0 und d
041 ## - CÓDIGO DE IDIOMA
Código de lengua del texto/banda sonora o título independiente spa
043 ## - CÓDIGO DE ÁREA GEOGRÁFICA
Código de área geográfica ec
082 ## - NÚMERO DE LA CLASIFICACIÓN DECIMAL DEWEY
Número de clasificación 658.048
010 ## - NÚMERO DE CONTROL DE LA BIBLIOTECA DEL CONGRESO
Número de control de LC 35275
100 ## - ENTRADA PRINCIPAL--NOMBRE DE PERSONA
Nombre de persona RODRIGUEZ, JORGE ED
245 #0 - MENCIÓN DEL TÍTULO
Título ORGANIZACION NO GUBERNAMENTALES QUE OPERAN EN EL CAMPO DE LA SALUD EN EL ECUADOR
250 ## - MENCION DE EDICION
Mención de edición 1A ED.
260 ## - PUBLICACIÓN, DISTRIBUCIÓN, ETC.
Lugar de publicación, distribución, etc. Ecuador
Nombre del editor, distribuidor, etc. ORGANIZACION PANAMERICANA DE LA SALUD
Fecha de publicación, distribución, etc. 1993
260 ## - PUBLICACIÓN, DISTRIBUCIÓN, ETC.
Lugar de publicación, distribución, etc. S.L.
Nombre del editor, distribuidor, etc. ORGANIZACION PANAMERICANA DE LA SALUD
300 ## - DESCRIPCIÓN FÍSICA
Extensión 94
650 ## - PUNTO DE ACCESO ADICIONAL DE MATERIA--TÉRMINO DE MATERIA
Término de materia o nombre geográfico como elemento de entrada ESTUDIO DE SALUD
650 ## - PUNTO DE ACCESO ADICIONAL DE MATERIA--TÉRMINO DE MATERIA
Término de materia o nombre geográfico como elemento de entrada ORGANIZACION
650 ## - PUNTO DE ACCESO ADICIONAL DE MATERIA--TÉRMINO DE MATERIA
Término de materia o nombre geográfico como elemento de entrada SALUD PUBLICA-ECUADOR
710 ## - ENTRADA AGREGADA--NOMBRE DE ENTIDAD CORPORATIVA
Nombre de entidad corporativa o nombre de jurisdicción como elemento de entrada ORGANIZACION PANAMERICA DE LA SALUD
942 ## - ELEMENTOS DE ENTRADA SECUNDARIOS (KOHA)
Tipo de ítem Koha Libros
Existencias
Estatus retirado Estado de pérdida Estado de daño No para préstamo Biblioteca de origen Biblioteca actual Ubicación en estantería Fecha de adquisición Coste, precio normal de compra Total de préstamos Código de barras Copia número Nota pública
        ESCUELA DE NEGOCIOS ESCUELA DE NEGOCIOS   29/03/2001 2.00   D-P 01860 1 DONADO

Copyright 2025 ESPOL. Todos los derechos reservados.